Siena und die hügelstädte der Toskana (Record no. 9640)

MARC details
000 -CABECERA
campo de control de longitud fija 00885nam a2200253 a 4500
001 - NÚMERO DE CONTROL
campo de control BRL_828
005 - FECHA Y HORA DE LA ÚLTIMA TRANSACCIÓN
campo de control 20190320210920.0
008 - DATOS DE LONGITUD FIJA--INFORMACIÓN GENERAL
campo de control de longitud fija 141013s1929----gw-o#####c---#000-0#ger-#
041 ## - CÓDIGO DE LENGUA
Código de lengua del texto/banda sonora o título independiente ger
044 ## - CÓDIGO DEL PAÍS DE LA ENTIDAD EDITORA/PRODUCTORA
Código MARC del país gw
050 #4 - SIGNATURA TOPOGRÁFICA DE LA BIBLIOTECA DEL CONGRESO
Número de clasificación N4.S54
Número de documento/Ítem .G89 1929
100 1# - ENTRADA PRINCIPAL--NOMBRE DE PERSONA
Nombre de persona Guyer, Samuel
9 (RLIN) 25058
245 10 - MENCIÓN DE TÍTULO
Título Siena und die hügelstädte der Toskana
Resto del título Bilder zur Kunstgeschichte mit einem kunstgeschichtlichen Abriss und 104 Bildtafeln
Mención de responsabilidad, etc. von S. Guyer.
260 ## - PUBLICACIÓN, DISTRIBUCIÓN, ETC.
Lugar de publicación, distribución, etc. Augsburg
Nombre del editor, distribuidor, etc. D.R. Benno Filser
Fecha de publicación, distribución, etc. 1929
300 ## - DESCRIPCIÓN FÍSICA
Extensión 37 p.
Otras características físicas il., 104 láminas
Dimensiones 30 cm.
440 #0 - MENCIÓN DE SERIE/PUNTO DE ACCESO ADICIONAL--TÍTULO
Título Mirabilia mundi
Designación de volumen o secuencia Band 2
9 (RLIN) 25059
500 ## - NOTA GENERAL
Nota general Au932
650 14 - PUNTO DE ACCESO ADICIONAL DE MATERIA--TÉRMINO DE MATERIA
Término de materia o nombre geográfico como elemento de entrada Arte
Subdivisión geográfica Siena (Toscana: Italia)
9 (RLIN) 25060
650 14 - PUNTO DE ACCESO ADICIONAL DE MATERIA--TÉRMINO DE MATERIA
Término de materia o nombre geográfico como elemento de entrada Arte medieval
Subdivisión geográfica Siena (Toscana: Italia)
9 (RLIN) 25061
650 14 - PUNTO DE ACCESO ADICIONAL DE MATERIA--TÉRMINO DE MATERIA
Término de materia o nombre geográfico como elemento de entrada Arte y símbolos cristianos
Subdivisión geográfica Siena (Toscana: Italia)
9 (RLIN) 25062
651 #4 - PUNTO DE ACCESO ADICIONAL DE MATERIA--NOMBRE GEOGRÁFICO
Nombre geográfico Siena (Toscana: Italia)
Subdivisión general Antigüedades
9 (RLIN) 25063
902 ## - CATALOGADOR
Iniciales GRL
942 ## - ELEMENTOS DE PUNTO DE ACCESO ADICIONAL (KOHA)
Fuente del sistema de clasificación o colocación Library of Congress Classification
Tipo de ítem Koha Libros
Holdings
Estado de retiro Estado de pérdida Estado dañado No para préstamo Localización permanente Ubicación/localización actual Fecha de adquisición Número de inventario Total de préstamos Signatura topográfica completa Código de barras Fecha visto por última vez Precio válido a partir de Tipo de ítem Koha
El ejemplar forma parte de la colección y puede ser consultado según las políticas vigentes.       Biblioteca Centro de Estudios Ruth D. Lechuga Biblioteca Centro de Estudios Ruth D. Lechuga 14/10/2013 Au932   N4.S54 .G89 1929 (Au932) GRL00897 22/03/2019 22/03/2019 Libros